| 000 | 00977cam a2200289 a 4500 | ||
|---|---|---|---|
| 999 |
_c10425 _d10425 |
||
| 001 | 2035397 | ||
| 003 | OSt | ||
| 005 | 20210223172946.0 | ||
| 008 | 931117s1994 mauc b 001 0 eng | ||
| 010 | _a 92083849 | ||
| 020 | _a0312085354 | ||
| 040 |
_aDLC _cDLC _dDLC |
||
| 050 | 0 | 0 |
_aPE1417 _bJ17W |
| 082 | 0 | 0 |
_a808/.0427 _220 _bJ17W |
| 245 | 0 | 2 |
_aA World of ideas : _bessential readings for college writers / _c[edited by] Lee A. Jacobus. |
| 250 | _a4th ed. | ||
| 260 |
_aBoston : _bBedford Books of St. Martin's Press, _cc1994. |
||
| 300 |
_axxi, 709 p. : _bport. ; _c24 cm. |
||
| 504 | _aIncludes bibliographical references and index. | ||
| 650 | 0 | _aCollege readers. | |
| 650 | 0 |
_aEnglish language _xRhetoric _vProblems, exercises, etc. |
|
| 650 | 0 |
_aReport writing _vProblems, exercises, etc. |
|
| 700 | 1 | _aJacobus, Lee A. | |
| 906 |
_a7 _bcbc _corignew _d3 _eopcn _f19 _gy-gencatlg |
||
| 942 |
_2ddc _cBK |
||